000 00403nam a2200157Ia 4500
008 210716s2011 xx 000 0 und d
020 _a9780070144972
041 _aeng
082 _a658.870068 PRAS
100 _aPradhan, Swapna.
245 _aRetail merchandising.
250 _a1
260 _aNew Delhi
_bTata McGraw Hill Publishing Company Ltd
_c2011
300 _axi,222
650 _aMarketing
999 _c208064
_d208064